| 000 | 00531nam a22001817a 4500 | ||
|---|---|---|---|
| 999 |
_c143040 _d143040 |
||
| 003 | OSt | ||
| 020 | _a8176384259 | ||
| 082 |
_a630 _bGOP/AA |
||
| 100 | _aGopimony R | ||
| 245 |
_aAagolavalkkaranavum krushiyum _b/ആഗോളവൽക്കരണവും കൃഷിയും |
||
| 260 |
_aThiruvananthapuram _bState institute of languages _c2004 |
||
| 300 | _a165p. | ||
| 500 | _aAgolavalkkaranavum krishiyum | ||
| 546 | _aMalayalam | ||
| 650 | _aGlobalisation and agriculture | ||
| 650 | _aAgriculture | ||
| 942 |
_2ddc _cBK |
||